Fundamentals of Business Analytics Using Excel And R : Practical Manual For Beginners (Record no. 96243)
[ view plain ]
| 000 -LEADER | |
|---|---|
| fixed length control field | 00645nam a2200229Ia 4500 |
| 005 - DATE AND TIME OF LATEST TRANSACTION | |
| control field | 20230425203646.0 |
| 008 - FIXED-LENGTH DATA ELEMENTS--GENERAL INFORMATION | |
| fixed length control field | 230125s9999 xx 000 0 und d |
| 020 ## - INTERNATIONAL STANDARD BOOK NUMBER | |
| International Standard Book Number | 9789352134267 |
| 041 ## - LANGUAGE CODE | |
| Language code of text/sound track or separate title | eng |
| 082 ## - DEWEY DECIMAL CLASSIFICATION NUMBER | |
| Classification number | 004.1 |
| Item number | VEN |
| 100 ## - MAIN ENTRY--PERSONAL NAME | |
| Author | Venkatachari K |
| 245 ## - TITLE STATEMENT | |
| Title | Fundamentals of Business Analytics Using Excel And R : Practical Manual For Beginners |
| 250 ## - EDITION STATEMENT | |
| Edition statement | 3rd Ed. |
| 260 ## - PUBLICATION, DISTRIBUTION, ETC. | |
| Date of publication, distribution, etc. | 2019 |
| Name of publisher, distributor, etc. | Shroff publisher and distributors |
| Place of publication, distribution, etc. | Mumbai |
| 300 ## - PHYSICAL DESCRIPTION | |
| Extent | 440p |
| 500 ## - GENERAL NOTE | |
| Keywords | Business Analytics<br/> |
| 650 ## - SUBJECT ADDED ENTRY--TOPICAL TERM | |
| Topical term or geographic name entry element | Business Analytics |
| 700 ## - ADDED ENTRY--PERSONAL NAME | |
| Personal name | Venkatachari K |
| 942 ## - ADDED ENTRY ELEMENTS (KOHA) | |
| Koha item type | Books |
| 906 ## - LOCAL DATA ELEMENT F, LDF (RLIN) | |
| b | 217 |
| Withdrawn status | Lost status | Damaged status | Not for loan | Home library | Current library | Date acquired | Vendor | Net Price | Bill number | Total Checkouts | Total Renewals | Full call number | Barcode | Date last seen | Date last checked out | Actual Price | Bill Date | Koha item type | Original Barcode |
|---|---|---|---|---|---|---|---|---|---|---|---|---|---|---|---|---|---|---|---|
| Smt. Hiraben Nanavati Institute of Management & Research for Women | Smt. Hiraben Nanavati Institute of Management & Research for Women | 07/01/2020 | Forward Books | 775.00 | 11164 | 1 | 1 | 004.1 VEN B19534 | HIMR-BK-19534 | 01/06/2023 | 20/05/2023 | 558.00 | 25/01/2023 | Books | B19534 | ||||
| Smt. Hiraben Nanavati Institute of Management & Research for Women | Smt. Hiraben Nanavati Institute of Management & Research for Women | 07/01/2020 | Forward Books | 775.00 | 11164 | 1 | 2 | 004.1 VEN B19535 | HIMR-BK-19535 | 19/05/2023 | 29/04/2023 | 558.00 | 25/01/2023 | Books | B19535 | ||||
| Smt. Hiraben Nanavati Institute of Management & Research for Women | Smt. Hiraben Nanavati Institute of Management & Research for Women | 07/01/2020 | Forward Books | 775.00 | 11164 | 004.1 VEN B19536 | HIMR-BK-19536 | 25/01/2023 | 558.00 | 25/01/2023 | Books | B19536 | |||||||
| Smt. Hiraben Nanavati Institute of Management & Research for Women | Smt. Hiraben Nanavati Institute of Management & Research for Women | 07/01/2020 | Forward Books | 775.00 | 11164 | 1 | 004.1 VEN B19537 | HIMR-BK-19537 | 17/12/2024 | 13/12/2024 | 558.00 | 25/01/2023 | Books | B19537 |